• 首页
  • 本馆介绍
  • 公告通知
  • 最新文献
  • 馆藏检索
  • 电子资源
  • 读者导购
  • 参考咨询
  • 我的图书馆
  • 登录
  • 详细信息显示
  • 放入我的书架
  • 预约/预借图书
  • 作者相关作品
  • 分类相关作品
  • 丛书相关作品
  • 出版社相关作品

书目信息

  • 表格格式
  • 工作单格式
  • 卡片格式
题名:
机械设计基础课程设计
    
 
作者: 谢忠东 , 武立波 主编
分册:  
出版信息: 大连   大连理工大学出版社  2017
页数: 178页
开本: 26cm
丛书名:
单 册:
中图分类: TH122-41
科图分类:
主题词: 机械设计--课程设计--高等学校--教材
电子资源:
ISBN: 978-7-5685-0697-7
000 01011nam0 2200253 450
001 0104162488
005 20170630101646.0
010    @a978-7-5685-0697-7@dCNY29.80
100    @a20170412d2017 em y0chiy0120 ea
101 0  @achi
102    @aCN@b210000
105    @aa z 000yy
106    @ar
200 1  @a机械设计基础课程设计@9Ji Xie She Ji Ji Chu Ke Cheng She Ji @f谢忠东,武立波主编@b专著
210    @a大连@c大连理工大学出版社@d2017
215    @a178页@c图@d26cm
300    @a新世纪应用型高等教育机械类课程规划教材
330    @a本书介绍了机械设计基础课程设计的目的、内容与设计方法,以简单的单级圆柱齿轮减速器为例,叙述了机械传动装置的主要设计内容、方法和步骤;并介绍了机械设计基础课程设计常用标准、规范,它们均为现行的国家和行业标准等内容。
606 0  @a机械设计@x课程设计@x高等学校@j教材
690    @aTH122-41@v5
701  0 @a谢忠东@f(1968~)@4主编@9xie zhong dong
701  0 @a武立波@c(机械设计,@f1978~)@4主编@9wu li bo
801  0 @aCN@bAZmarc@c20230904
905    @aBZT@dTH122@e386@f4@sTH122/386
    
    机械设计基础课程设计/谢忠东,武立波主编.-大连:大连理工大学出版社,2017
    178页:图;26cm
    新世纪应用型高等教育机械类课程规划教材
    
    ISBN 978-7-5685-0697-7:CNY29.80
    本书介绍了机械设计基础课程设计的目的、内容与设计方法,以简单的单级圆柱齿轮减速器为例,叙述了机械传动装置的主要设计内容、方法和步骤;并介绍了机械设计基础课程设计常用标准、规范,它们均为现行的国家和行业标准等内容。
●
相关链接 在五车中查询图书 在当当中查询图书 在豆瓣中查询图书


正题名:机械设计基础课程设计     索取号:TH122/386         预约/预借

序号 登录号 条形码 馆藏地/架位号 状态 备注
1 2000012504   2000012504   旧书回溯/ [索取号:TH122/386] 在馆    
2 2000012505   2000012505   旧书回溯/ [索取号:TH122/386] 在馆    
3 2000012506   2000012506   旧书回溯/ [索取号:TH122/386] 在馆    
4 2000024841   2000024841   旧书回溯/ [索取号:TH122/386] 在馆    
山东省滨州职业学院图书馆 欢迎您!
大连网信软件有限公司© 版权所有